| 000 | 00436nam a2200145Ia 4500 | ||
|---|---|---|---|
| 003 | IN-BaIIA | ||
| 005 | 20250703115936.0 | ||
| 008 | 211028s9999 xx 000 0 eng d | ||
| 040 | _cIIA Library | ||
| 080 |
_a083.550.38 _bIAGA-16 |
||
| 100 |
_aKaiser, T. R. _93938 |
||
| 245 | 0 |
_aTransactions of the Toronto meeting Sept. 1957 _cT. R. Kaiser |
|
| 260 |
_aHolland _c1960 |
||
| 942 |
_cBK _2ddc |
||
| 999 |
_c2159 _d2159 |
||